Con las botas puestas : (Record no. 190800)

MARC details
000 -LEADER
campo de control de longitud fija 01092nam a2200289 i 4500
001 - NÚMERO DE CONTROL
campo de control 190800
003 - IDENTIFICADOR DE NÚMERO DE CONTROL
campo de control ES-MaACL
005 - FECHA Y HORA DE LA ÚLTIMA TRANSACCIÓN
campo de control 20250813112039.0
008 - DATOS DE LONGITUD FIJA--INFORMACIÓN GENERAL
campo de control de longitud fija 220713s2020 sp a 001 0 spa
020 ## - NÚMERO INTERNACIONAL ESTÁNDAR DEL LIBRO
Número Internacional Estándar del Libro 978-84-414-4010-4
080 ## - NÚMERO DE LA CLASIFICACIÓN DECIMAL UNIVERSAL
Número de la Clasificación Decimal Universal 791.222(091)
100 1# - ENTRADA PRINCIPAL--NOMBRE DE PERSONA
Nombre de persona Fernández López, José Manuel.
9 (RLIN) 174846
245 10 - MENCIÓN DEL TÍTULO
Título Con las botas puestas :
Resto del título la historia del soldado a través del cine /
Mención de responsabilidad, etc. José Manuel Fernández López.
250 ## - MENCION DE EDICION
Mención de edición 1ª ed.
260 ## - PUBLICACIÓN, DISTRIBUCIÓN, ETC.
Lugar de publicación, distribución, etc. Madrid :
Nombre del editor, distribuidor, etc. Edaf,
Fecha de publicación, distribución, etc. 2020.
300 ## - DESCRIPCIÓN FÍSICA
Extensión 390 p. :
Otras características físicas il. col. y n. ;
Dimensiones 24 cm.
490 1# - MENCIÓN DE SERIE
Mención de serie Clío crónicas de la historia
504 ## - NOTA DE BIBLIOGRAFÍA, ETC.
Nota de bibliografía, etc. Bibliografía: p. 389-390.
650 #7 - PUNTO DE ACCESO ADICIONAL DE MATERIA--TÉRMINO DE MATERIA
Término de materia o nombre geográfico como elemento de entrada Cine bélico
Fuente del encabezamiento o término embne
9 (RLIN) 174859
650 #4 - PUNTO DE ACCESO ADICIONAL DE MATERIA--TÉRMINO DE MATERIA
Término de materia o nombre geográfico como elemento de entrada Cine-
Subdivisión de forma Obras ilustradas.
9 (RLIN) 171109
830 1# - PUNTO DE ACCESO ADICIONAL DE SERIE-TÍTULO UNIFORME
Título uniforme Clío crónicas de la historia
9 (RLIN) 179748
852 4# - LOCALIZACIÓN
Ubicación ES-MaACL
itemnumber 197983
Número de control de estantería A-13096
Signatura antigua Olim: N-8023
Ubicación en estantería Depósito 1
Anotaciones manuscritas Dedicatoria autógrafa del autor
Donativo/Legado Donación: José Manuel Fernández López
903 ## - NOMBRE PERSONAL DE DONANTE
9 174846
a Fernández López, José Manuel
e Donante
942 ## - ELEMENTOS DE ENTRADA SECUNDARIOS (KOHA)
Fuente del sistema de clasificación o colocación Clasificación decimal universal
Tipo de ítem Koha Libro impreso
Holdings
Estatus retirado Estado de pérdida Fuente del sistema de clasificación o colocación Estado de daño No para préstamo Colección Biblioteca de origen Biblioteca actual Ubicación en estantería Fecha de adquisición Fuente de adquisición Total de préstamos Signatura topográfica completa Código de barras Visto por última vez Precio de reemplazo Tipo de ítem Koha Nota pública
    Clasificación decimal universal     Libros con dedicatorias Biblioteca del Ateneo de Madrid Biblioteca del Ateneo de Madrid Depósito 1 13/07/2022 Donación   A-13096 1203071 23/02/2023 23/02/2023 Libro impreso Dedicatoria autógrafa del autor